000 00736nam a2200229Ii 4500
003 URS
008 221124s9999 xx 000 0 und d
020 _a9781849660006
020 _a9781849660181
020 _a9781849661027
020 _a9781849663540
245 0 _aChildren in custody
_bAnglo-Russian perspectives
_cMary McAuley.
264 1 _bBloomsbury Academic
_c2009
300 _a1 online resource
336 _atext
_btxt
_2rdacontent
337 _acomputer
_bc
_2rdamedia
338 _aonline resource
_bcr
_2rdacarrier
653 _aPolitics & International Relations
856 _u10.5040/9781849661027
856 _uhttp://dx.doi.org/10.5040/9781849661027?locatt=label:secondary_bloomsburyCollections
942 _cE-BOOK
999 _c59440
_d59440